Constitución Política de la República de Chile

Salvato in:
Dettagli Bibliografici
Natura: Libro
Lingua:spagnolo
Pubblicazione: Santiago Thomson Reuters 2015
Edizione:15a. ed
Soggetti:
Tags: Aggiungi Tag
Nessun Tag, puoi essere il primo ad aggiungerne!!

MARC

LEADER 00000cam a2200000 a 4500
001 UCE8824
003 CL-VaPUC
008 150904e20150000cl |||||||||||||||||spa|d
020 |a 9789563466355 
082 0 4 |a 342.83  |b CON  |2 21 
245 1 0 |a Constitución Política de la República de Chile 
250 |a 15a. ed 
300 |a 890 p 
942 |c BK 
945 |d 20150904 11:50:00  |a gsalatino 
260 |a Santiago  |b Thomson Reuters  |c 2015 
500 |a Versión actualizada al 5 de enero de 2015 
650 0 |a Derecho constitucional   |9 222588 
650 0 |a Constitución política  |9 336925 
583 |a last modification  |c 20160712 11:04:15  |k Rodrigo Vera 
999 |c 360593  |d 360591 
952 |0 0  |1 0  |3 erb  |4 0  |6 342_830000000000000_CON_2015  |7 0  |8 R  |9 470462  |a BIBDER  |b BIBDER  |i 5195616  |l 4  |o 342.83 CON 2015  |p 5195616  |r 2024-03-11  |s 2024-03-11  |w 2019-11-23  |y BK_R  |z Catalogado en:20150904  |k DER